[Event "Omsk-ch"]
[Site "Omsk"]
[Date "2015.02.24"]
[Round "8"]
[White "Savostjanov, Igor"]
[Black "Bogachkova, Alena"]
[Result "1-0"]
[WhiteElo "2144"]
[BlackElo "2155"]
[PlyCount "59"]
[EventDate "2015.02.16"]
[EventType "swiss"]
[EventRounds "9"]
[EventCountry "RUS"]
[SourceTitle "CBM 165 Extra"]
[Source "ChessBase"]
[SourceDate "2015.04.21"]
[SourceVersion "1"]
[SourceVersionDate "2015.04.21"]
[SourceQuality "1"]

1. Nf3 c5 2. e3 Nf6 3. c4 g6 4. Nc3 Bg7 5. d4 cxd4 6. exd4 0-0 7. Bg5 h6 8. Bh4 d6 9. h3 Nh5 10. Bd3 Nf4 11. 0-0 Nxd3 12. Qxd3 Bf5 13. Qe2 g5 14. Bg3 Re8 15. Rad1 Nd7 16. Rfe1 Nf6 17. d5 Rc8 18. Nd4 Bg6 19. b3 Qd7 20. Bh2 Nh5 21. Qd2 a6 22. Na4 Rb8 23. Qb4 Nf4 24. Bxf4 gxf4 25. Qd2 b5 26. cxb5 axb5 27. Nc3 b4 28. Nce2 e5 29. dxe6 fxe6 30. Nxf4 1-0

[Event "Omsk-ch"]
[Site "Omsk"]
[Date "2015.02.21"]
[Round "6"]
[White "Savostjanov, Igor"]
[Black "Pisjmeniuk, Artem"]
[Result "0-1"]
[WhiteElo "2144"]
[BlackElo "2020"]
[PlyCount "60"]
[EventDate "2015.02.16"]
[EventType "swiss"]
[EventRounds "9"]
[EventCountry "RUS"]
[SourceTitle "CBM 165 Extra"]
[Source "ChessBase"]
[SourceDate "2015.04.21"]
[SourceVersion "1"]
[SourceVersionDate "2015.04.21"]
[SourceQuality "1"]

1. c4 e5 2. Nc3 Nc6 3. g3 f5 4. Bg2 Nf6 5. d3 Bb4 6. Bd2 0-0 7. Nd5 Bxd2+ 8. Qxd2 d6 9. Nf3 Kh8 10. 0-0 Be6 11. Ng5 Bg8 12. Kh1 h6 13. Nh3 Rb8 14. b4 Nxd5 15. cxd5 Ne7 16. e4 c6 17. dxc6 Nxc6 18. f4 Bh7 19. Rac1 Qd7 20. Ng1 Nd4 21. Ne2 Nxe2 22. Qxe2 Rbe8 23. Qc2 exf4 24. Rxf4 fxe4 25. Rxf8+ Rxf8 26. dxe4 Re8 27. Qd3 Qe6 28. Re1 d5 29. Qd4 Bxe4 30. Bxe4 dxe4 0-1

[Event "Omsk-ch"]
[Site "Omsk"]
[Date "2015.02.18"]
[Round "3"]
[White "Tastanov, Azamat"]
[Black "Savostjanov, Igor"]
[Result "1/2-1/2"]
[WhiteElo "1765"]
[BlackElo "2144"]
[PlyCount "35"]
[EventDate "2015.02.16"]
[EventType "swiss"]
[EventRounds "9"]
[EventCountry "RUS"]
[SourceTitle "CBM 165 Extra"]
[Source "ChessBase"]
[SourceDate "2015.04.21"]
[SourceVersion "1"]
[SourceVersionDate "2015.04.21"]
[SourceQuality "1"]

1. e4 c5 2. Nf3 Nc6 3. Bc4 e6 4. Nc3 Nge7 5. 0-0 d5 6. exd5 exd5 7. Bb5 Bg4 8. Re1 Qc7 9. Nxd5 Qd7 10. Ne5 Bxd1 11. Nxd7 Kxd7 12. Nxe7 Bxc2 13. Nxc6 bxc6 14. Bc4 Bg6 15. b3 Bd6 16. Bb2 f6 17. b4 Rae8 18. Red1 1/2-1/2

[Event "Omsk op 06"]
[Site "Omsk"]
[Date "2014.06.28"]
[Round "6"]
[White "Bogachkova, Alena"]
[Black "Savostjanov, Igor"]
[Result "1/2-1/2"]
[WhiteElo "2107"]
[BlackElo "2140"]
[PlyCount "48"]
[EventDate "2014.06.20"]
[EventType "swiss"]
[EventRounds "9"]
[EventCountry "RUS"]
[SourceTitle "EXT 2016"]
[Source "ChessBase"]
[SourceDate "2015.10.08"]
[SourceVersion "1"]
[SourceVersionDate "2015.10.08"]
[SourceQuality "1"]

1. e4 d6 2. d4 Nf6 3. Nc3 e5 4. Nf3 Nbd7 5. Bc4 Be7 6. 0-0 0-0 7. a4 b6 8. Re1 exd4 9. Nxd4 Bb7 10. Nf5 Re8 11. Ba2 Bf8 12. f3 Ne5 13. Bg5 h6 14. Bh4 g6 15. Ne3 Bg7 16. Ned5 Bxd5 17. Nxd5 c6 18. Nc3 g5 19. Bf2 Nh5 20. Ne2 Qf6 21. Nd4 Nf4 22. Be3 Rad8 23. Nf5 d5 24. Bxf4 gxf4 1/2-1/2

[Event "Omsk op 06"]
[Site "Omsk"]
[Date "2014.06.20"]
[Round "1"]
[White "Savostjanov, Igor"]
[Black "Glushakov, Andrey"]
[Result "1-0"]
[WhiteElo "2140"]
[BlackElo "1900"]
[PlyCount "60"]
[EventDate "2014.06.20"]
[EventType "swiss"]
[EventRounds "9"]
[EventCountry "RUS"]
[SourceTitle "EXT 2016"]
[Source "ChessBase"]
[SourceDate "2015.10.08"]
[SourceVersion "1"]
[SourceVersionDate "2015.10.08"]
[SourceQuality "1"]

1. e4 c5 2. Nc3 d6 3. f4 Nf6 4. Nf3 e6 5. g3 Be7 6. Bg2 0-0 7. 0-0 Nc6 8. d3 Bd7 9. Kh1 a6 10. Be3 Rb8 11. d4 cxd4 12. Nxd4 Nxd4 13. Bxd4 Bc6 14. Qe2 b5 15. a3 a5 16. e5 Bxg2+ 17. Kxg2 dxe5 18. Bxe5 Rb6 19. Rad1 Qa8+ 20. Qf3 Ng4 21. Bd4 Rd6 22. Qxa8 Rxa8 23. Nxb5 Rxd4 24. Rxd4 Ne3+ 25. Kf2 Nxf1 26. Kxf1 Bf6 27. Rd2 Bxb2 28. c3 Bc1 29. Rd3 g5 30. fxg5 Bxg5 1-0

[Event "Omsk op 12"]
[Site "Omsk"]
[Date "2013.12.05"]
[Round "4"]
[White "Tipikin, Ivan"]
[Black "Savostjanov, Igor"]
[Result "0-1"]
[WhiteElo "1885"]
[BlackElo "2098"]
[PlyCount "89"]
[EventDate "2013.12.01"]
[EventType "swiss"]
[EventRounds "9"]
[EventCountry "RUS"]
[SourceTitle "EXT 2016"]
[Source "ChessBase"]
[SourceDate "2015.10.08"]
[SourceVersion "1"]
[SourceVersionDate "2015.10.08"]
[SourceQuality "1"]

1. d4 Nf6 2. Bg5 Ne4 3. Bf4 g5 4. Bg3 c5 5. d5 Bg7 6. c3 h5 7. Bxb8 Rxb8 8. Nd2 Nf6 9. e4 d6 10. Bb5+ Bd7 11. Qa4 a6 12. Bxd7+ Qxd7 13. Qxd7+ Kxd7 14. f3 b5 15. Ne2 h4 16. Kf2 Kc7 17. Rac1 Nd7 18. Rhd1 Ne5 19. Nf1 Bh6 20. Rc2 g4 21. f4 Ng6 22. g3 Bg7 23. Nc1 b4 24. Nd3 bxc3 25. bxc3 hxg3+ 26. hxg3 Rh7 27. Ke1 e5 28. f5 Nf8 29. Nf2 Nd7 30. Nxg4 Nf6 31. Nxf6 Bxf6 32. Kf2 Bg5 33. c4 a5 34. Kg2 a4 35. Rd3 Rhh8 36. Rf3 Rb4 37. Rff2 Rhb8 38. Kf3 Rb1 39. Kg4 f6 40. Nh2 Be3 41. Rfe2 Bd4 42. Nf3 a3 43. Nd2 R1b6 44. Nb3 Rxb3 45. axb3 0-1

[Event "Omsk-ch"]
[Site "Omsk"]
[Date "2012.03.24"]
[Round "8"]
[White "Savostjanov, Igor"]
[Black "Baboshin, Sergei"]
[Result "1-0"]
[WhiteElo "2125"]
[BlackElo "2173"]
[PlyCount "69"]
[EventDate "2012.03.15"]
[EventType "swiss"]
[EventRounds "9"]
[EventCountry "RUS"]
[SourceTitle "EXT 2013"]
[Source "ChessBase"]
[SourceDate "2012.11.22"]
[SourceVersion "1"]
[SourceVersionDate "2012.11.22"]
[SourceQuality "1"]

1. f4 c5 2. e3 g6 3. Nf3 Bg7 4. d4 cxd4 5. exd4 Nf6 6. Bd3 d6 7. 0-0 0-0 8. c3 b6 9. Qc2 e6 10. Nbd2 Bb7 11. a4 Nc6 12. Ne4 Rc8 13. Qe2 Na5 14. Nfd2 Qc7 15. Kh1 Rfe8 16. Ra3 Nxe4 17. Bxe4 Bxe4 18. Nxe4 Nc4 19. Ra2 f5 20. Ng5 e5 21. fxe5 dxe5 22. d5 Nd6 23. Ne6 Qc4 24. Qxc4 Rxc4 25. Bd2 Ne4 26. b3 Nxd2 27. Rxd2 Rxc3 28. g4 f4 29. Re1 h6 30. Nxf4 Kf7 31. Ne6 Bf6 32. Rf1 Rxe6 33. dxe6+ Kxe6 34. Rb1 Bg5 35. Ra2 1-0

[Event "Omsk-ch"]
[Site "Omsk"]
[Date "2012.03.23"]
[Round "7"]
[White "Savostjanov, Igor"]
[Black "Manchenko, Vladimir"]
[Result "1-0"]
[WhiteElo "2125"]
[BlackElo "2053"]
[PlyCount "59"]
[EventDate "2012.03.15"]
[EventType "swiss"]
[EventRounds "9"]
[EventCountry "RUS"]
[SourceTitle "EXT 2013"]
[Source "ChessBase"]
[SourceDate "2012.11.22"]
[SourceVersion "1"]
[SourceVersionDate "2012.11.22"]
[SourceQuality "1"]

1. d4 d6 2. e4 g6 3. f4 Bg7 4. Nf3 c5 5. c3 cxd4 6. cxd4 Nc6 7. Nc3 Bg4 8. Be3 Bxf3 9. gxf3 e6 10. Qd2 Nge7 11. 0-0-0 Qa5 12. Kb1 a6 13. h4 h5 14. d5 exd5 15. Nxd5 Qxd2 16. Rxd2 Nxd5 17. Rxd5 Ke7 18. Bh3 Bf6 19. Bf2 b6 20. Bxb6 Rhb8 21. Bc7 Rxb2+ 22. Kc1 Rxa2 23. Bxd6+ Ke8 24. Bc5 Rd8 25. Rhd1 Ra1+ 26. Kc2 Rxd1 27. Kxd1 Rxd5+ 28. exd5 Nd4 29. Bc8 Nb3 30. Bf2 1-0

[Event "Omsk CC-ch final"]
[Site "Omsk"]
[Date "2011.08.24"]
[Round "3"]
[White "Savostjanov, Igor"]
[Black "Abdulmanov, Marat"]
[Result "1-0"]
[WhiteElo "2078"]
[BlackElo "2027"]
[PlyCount "63"]
[EventDate "2011.08.20"]
[EventType "swiss"]
[EventRounds "11"]
[EventCountry "RUS"]
[SourceTitle "EXT 2023"]
[Source "ChessBase"]
[SourceDate "2022.10.05"]
[SourceVersion "1"]
[SourceVersionDate "2022.10.05"]
[SourceQuality "1"]

1. f4 d5 2. Nf3 Nf6 3. g3 g6 4. Bg2 Bg7 5. 0-0 0-0 6. d4 Nbd7 7. Ne5 Ne4 8. Nd2 Ndf6 9. e3 Bf5 10. g4 Nxd2 11. Bxd2 Be4 12. c4 Bxg2 13. Kxg2 dxc4 14. Qf3 Qd5 15. Qxd5 Nxd5 16. Nxc4 c6 17. Kf3 Rfd8 18. Rfd1 Rd7 19. Bc3 Rad8 20. a3 f6 21. e4 Nxc3 22. bxc3 e5 23. Na5 exd4 24. cxd4 Rc8 25. Rac1 Rdc7 26. Nc4 Bf8 27. Rc3 b5 28. Ne3 b4 29. axb4 Bxb4 30. Rc4 a5 31. Rdc1 Bd6 32. R1c2 1-0

[Event "Omsk CC-ch final"]
[Site "Omsk"]
[Date "2011.08.20"]
[Round "1"]
[White "Savostjanov, Igor"]
[Black "Miminoshvily, Merab"]
[Result "1-0"]
[WhiteElo "2078"]
[BlackElo "1852"]
[PlyCount "62"]
[EventDate "2011.08.20"]
[EventType "swiss"]
[EventRounds "11"]
[EventCountry "RUS"]
[SourceTitle "EXT 2023"]
[Source "ChessBase"]
[SourceDate "2022.10.05"]
[SourceVersion "1"]
[SourceVersionDate "2022.10.05"]
[SourceQuality "1"]

1. e4 c5 2. f4 e6 3. Nf3 Nc6 4. Be2 d5 5. exd5 exd5 6. 0-0 Nf6 7. c3 Bd6 8. d4 0-0 9. Ne5 Ne4 10. Bf3 f5 11. Be3 c4 12. b3 Bxe5 13. fxe5 b5 14. a4 Na5 15. b4 Nb3 16. Ra2 Bd7 17. axb5 Bxb5 18. Bxe4 fxe4 19. Qg4 Rxf1+ 20. Kxf1 Qe7 21. Rf2 Bd7 22. Qg3 a5 23. Bg5 Qe6 24. bxa5 Rxa5 25. h3 Ra1 26. Rb2 Qg6 27. Qe3 Qh5 28. g4 Bxg4 29. hxg4 Qh1+ 30. Qg1 Qf3+ 31. Qf2 Qxg4 1-0

[Event "Omsk CC-ch sf"]
[Site "Omsk"]
[Date "2011.06.29"]
[Round "7"]
[White "Savostjanov, Igor"]
[Black "Toroshina, Muza"]
[Result "1-0"]
[WhiteElo "2078"]
[BlackElo "1824"]
[PlyCount "99"]
[EventDate "2011.06.20"]
[EventType "swiss"]
[EventRounds "11"]
[EventCountry "RUS"]
[SourceTitle "EXT 2023"]
[Source "ChessBase"]
[SourceDate "2022.10.05"]
[SourceVersion "1"]
[SourceVersionDate "2022.10.05"]
[SourceQuality "1"]

1. d4 Nf6 2. Nc3 e6 3. e4 Bb4 4. e5 Nd5 5. Bd2 Bxc3 6. bxc3 d6 7. Nf3 Nc6 8. c4 Nde7 9. exd6 Qxd6 10. c3 b6 11. Bd3 e5 12. d5 Na5 13. Qe2 f6 14. 0-0 Bg4 15. h3 Bh5 16. Qe3 Bg6 17. Bc1 Bxd3 18. Qxd3 Nb7 19. Nd2 Nc5 20. Qe2 0-0 21. Re1 Ng6 22. Ba3 f5 23. Nb3 f4 24. Nd2 Rae8 25. Ne4 Qe7 26. Bxc5 bxc5 27. f3 Nh4 28. Qf2 Rf5 29. Kf1 Ref8 30. Qxc5 Qxc5 31. Nxc5 Rb8 32. Rab1 Rxb1 33. Rxb1 Rg5 34. Rb2 Nf5 35. Ne6 Ne3+ 36. Kg1 Rg6 37. Nxc7 Nxc4 38. Rb8+ Kf7 39. Rb7 Ne3 40. Rb2 Ke7 41. Rd2 Kd7 42. Ne6 Kd6 43. Nd8 Kc7 44. Nf7 Nc4 45. Rd1 Rf6 46. Ng5 h6 47. Ne6+ Kd6 48. Nxg7 Rg6 49. Nf5+ Kd7 50. Rb1 1-0